[Event "zonal 2.2"]
[Site "Hamilton CAN"]
[Date "1994.08.??"]
[Round "1"]
[White "Day, Lawrence"]
[Black "Baragar, Fletcher"]
[Result "1-0"]
[WhiteElo "2370"]
[BlackElo "2285"]
[EventDate "1994.08.??"]
[PlyCount "69"]

1.e4 e6 2.Qe2 c5 3.f4 Nc6 4.Nf3 Rb8 5.Na3 a6 6.c3 b5 7.Nc2 Nf6 8.d3 Be7 9.
g3 O-O 10.Bh3 b4 11.c4 b3 12.axb3 Rxb3 13.O-O d5 14.Ne5 Bb7 15.Nxc6 Bxc6 
16.e5 Nd7 17.Rxa6 Nb8 18.Ra7 Bb7 19.f5 exf5 20.Bxf5 g6 21.Bh3 Nc6 22.Ra3 
dxc4 23.dxc4 Nd4 24.Nxd4 Qxd4+ 25.Rf2 Rxa3 26.bxa3 Ba6 27.Bf1 Bc8 28.Bb2 
Qg4 29.Qe3 Be6 30.Be2 Qg5 31.Qc3 Qh6 32.Bf3 Rd8 33.Bd5 Bxd5 34.cxd5 Rxd5 
35.Qf3 1-0

[Event "zonal 2.2"]
[Site "Hamilton CAN"]
[Date "1994.08.??"]
[Round "2"]
[White "Hamilton, Robert"]
[Black "Day, Lawrence"]
[Result "0-1"]
[WhiteElo "2330"]
[BlackElo "2370"]
[EventDate "1994.08.??"]
[PlyCount "72"]

1.d4 d6 2.e4 g6 3.c3 Nf6 4.Bd3 e5 5.Nf3 Nc6 6.O-O Bg7 7.Bb5 Bd7 8.d5 Nb8 
9.Bxd7+ Nbxd7 10.Nbd2 O-O 11.a4 a5 12.b4 Qe8 13.Qc2 Nb6 14.Nb3 axb4 15.a5 
Nc4 16.cxb4 Qb5 17.Bd2 c6 18.dxc6 Qxc6 19.Rac1 Rac8 20.Rfe1 Nxd2 21.Qxd2 
Nxe4 22.Qd3 Nc3 23.Nbd2 d5 24.Nxe5 Bxe5 25.Rxe5 Ne2+ 26.Rxe2 Qxc1+ 27.Nf1 
Rfd8 28.Re7 Rc7 29.Qe2 Rxe7 30.Qxe7 Qc8 31.h4 d4 32.h5 Qd7 33.Qg5 d3 34.
Nd2 Qd5 35.Qf6 Rd6 36.Ne4 d2 0-1

[Event "zonal 2.2"]
[Site "Hamilton CAN"]
[Date "1994.08.??"]
[Round "4"]
[White "Leveille, Francois"]
[Black "Spraggett, Grant"]
[Result "0-1"]
[WhiteElo "2380"]
[BlackElo "2320"]
[EventDate "1994.08.??"]
[PlyCount "112"]

1.d4 Nf6 2.c4 c5 3.Nf3 cxd4 4.Nxd4 e5 5.Nb5 d5 6.cxd5 Bc5 7.N5c3 O-O 8.e3 
e4 9.a3 a5 10.Nd2 Qe7 11.h3 Rd8 12.Qa4 Bf5 13.g4 Bg6 14.Bg2 Nxd5 15.Ndxe4 
Nxc3 16.Nxc3 Bd3 17.Qb3 Ba6 18.Ne4 Nd7 19.Bd2 Ne5 20.O-O-O Bc4 21.Qc2 Bd3 
22.Qxc5 Rac8 23.Qxc8 Rxc8+ 24.Bc3 Qe6 25.Kd2 Bxe4 26.Bxe4 Nc4+ 27.Kd3 
Nxb2+ 28.Bxb2 Qc4+ 29.Kd2 Qxe4 30.Rc1 Qd5+ 31.Ke2 Qb5+ 32.Kf3 Rxc1 33.Rxc1
h6 34.Bd4 Qd5+ 35.Kg3 Qd6+ 36.f4 Qxa3 37.Rc8+ Kh7 38.Rc7 Qb3 39.h4 a4 40.
g5 Qd5 41.Rc5 Qd6 42.Ra5 Qb4 43.Ra8 Qe1+ 44.Kh3 Qh1+ 45.Kg3 Qe1+ 46.Kh3 h5
47.Rxa4 Qf1+ 48.Kg3 Qg1+ 49.Kh3 Qg4+ 50.Kh2 Qxh4+ 51.Kg2 Qg4+ 52.Kh2 Qe2+ 
53.Kh3 Qf3+ 54.Kh2 Qf2+ 55.Kh3 h4 56.Kg4 g6 0-1

[Event "zonal 2.2"]
[Site "Hamilton CAN"]
[Date "1994.08.??"]
[Round "5"]
[White "Spraggett, Grant"]
[Black "Koliada, Timour"]
[Result "0-1"]
[WhiteElo "2320"]
[BlackElo "2345"]
[EventDate "1994.08.??"]
[PlyCount "128"]

1.c4 g6 2.g3 Bg7 3.Bg2 f5 4.e3 Nf6 5.Nc3 O-O 6.Nge2 e5 7.O-O Kh8 8.d4 d6 
9.b3 e4 10.f3 exf3 11.Bxf3 Re8 12.Qc2 c6 13.Bd2 Na6 14.Rae1 Nc7 15.Nf4 Ne6
16.d5 Ng5 17.Bg2 c5 18.Bc1 Qe7 19.Bb2 Nge4 20.Re2 Bd7 21.Nxe4 Nxe4 22.Bxe4
Qxe4 23.Qxe4 Rxe4 24.Bxg7+ Kxg7 25.Nd3 b5 26.Nf2 Re7 27.Rfe1 Rae8 28.e4 
bxc4 29.bxc4 Bc8 30.Kf1 Ba6 31.Rc2 fxe4 32.Re3 h5 33.Ke2 Rf7 34.Rcc3 Re5 
35.Nxe4 Rxd5 36.Nd2 Rd4 37.Re6 Bc8 38.Re4 Bg4+ 39.Ke3 Rxe4+ 40.Nxe4 Rf3+ 
41.Kd2 Rf1 42.Ra3 Rd1+ 43.Kc2 Rd4 44.Rxa7+ Kf8 45.Nd2 Bf5+ 46.Kc1 Be6 47.
Ra4 Ke7 48.Kc2 Kf6 49.Kd1 Kg5 50.Ke2 Kg4 51.Ke3 Kh3 52.Ra6 g5 53.Nf3 Bxc4 
54.Ra3 Rd5 55.Rc3 Bxa2 56.Rc2 Bb1 57.Rb2 Bg6 58.Ra2 Kg4 59.Ra4+ Kf5 60.h4 
g4 61.Rf4+ Ke6 62.Ng5+ Ke7 63.Ra4 Rd3+ 64.Kf2 Kf6 0-1

[Event "zonal 2.2"]
[Site "Hamilton CAN"]
[Date "1994.08.??"]
[Round "6"]
[White "Berry, Jonathan"]
[Black "Spraggett, Grant"]
[Result "1/2-1/2"]
[WhiteElo "2285"]
[BlackElo "2320"]
[EventDate "1994.08.??"]
[PlyCount "29"]

1.d4 Nf6 2.Nf3 e6 3.Bg5 h6 4.Bh4 c5 5.c3 b6 6.Nbd2 Bb7 7.e3 Be7 8.a4 Nc6 
9.Bd3 O-O 10.O-O d6 11.Nb1 cxd4 12.exd4 Nh5 13.Bxe7 Nxe7 14.Re1 Qc7 15.Be4
1/2-1/2

[Event "zonal 2.2"]
[Site "Hamilton CAN"]
[Date "1994.08.??"]
[Round "8"]
[White "Hamilton, Robert"]
[Black "Spraggett, Grant"]
[Result "1-0"]
[WhiteElo "2330"]
[BlackElo "2320"]
[EventDate "1994.08.??"]
[PlyCount "79"]

1.d4 Nf6 2.c4 c5 3.Nf3 cxd4 4.Nxd4 e5 5.Nf3 Nc6 6.Nc3 Bb4 7.Bd2 O-O 8.a3 
Be7 9.Bg5 d6 10.e3 Be6 11.Be2 a6 12.O-O Rc8 13.b4 Nb8 14.Bxf6 Bxf6 15.Ne4 
Be7 16.Rc1 Kh8 17.Nfd2 f5 18.Nc3 Nd7 19.e4 Bg5 20.Rc2 Nf6 21.Bd3 g6 22.Re1
Bh6 23.Qe2 f4 24.Nd5 g5 25.f3 Rg8 26.h3 Bf8 27.Qf2 Rg7 28.Qb6 Qxb6+ 29.
Nxb6 Rc6 30.Nd5 Nd7 31.Nb3 Be7 32.Na5 Rc8 33.Nxb7 Bf8 34.Rec1 Nb8 35.Na5 
Ra7 36.Kf2 Be7 37.Nxe7 Rxe7 38.Bf1 Rec7 39.Rd2 Nc6 40.Rxd6 1-0

[Event "zonal 2.2"]
[Site "Hamilton CAN"]
[Date "1994.08.??"]
[Round "9"]
[White "Leveille, Francois"]
[Black "Koliada, Timour"]
[Result "0-1"]
[WhiteElo "2380"]
[BlackElo "2345"]
[EventDate "1994.08.??"]
[PlyCount "70"]

1.d4 f5 2.Nc3 Nf6 3.Bg5 d5 4.Bxf6 exf6 5.e3 c6 6.Bd3 Bd6 7.Qf3 g6 8.h4 h5 
9.Nh3 Be6 10.Nf4 Bf7 11.g3 Nd7 12.Kf1 Qc7 13.b3 Kf8 14.a4 Kg7 15.Qd1 Nb6 
16.Nce2 Nc8 17.c4 Qd7 18.Rc1 Ne7 19.Qc2 Rac8 20.c5 Bc7 21.b4 g5 22.Nh3 Kh6
23.hxg5+ fxg5 24.f4 g4 25.Ng5 Bg6 26.Nc3 Rhe8 27.Re1 Ng8 28.Bxf5 Bxf5 29.
Qh2 Bg6 30.Nd1 Bd8 31.Nf2 Bxg5 32.fxg5+ Kg7 33.Kg2 Qf7 34.Rhf1 Qf3+ 35.Kg1
Rxe3 0-1

[Event "zonal 2.2"]
[Site "Hamilton CAN"]
[Date "1994.08.??"]
[Round "9"]
[White "Livshits, Ron"]
[Black "Berry, Jonathan"]
[Result "1-0"]
[WhiteElo "2370"]
[BlackElo "2285"]
[EventDate "1994.08.??"]
[PlyCount "67"]

1.d4 g6 2.c4 Bg7 3.Nf3 d6 4.g3 c6 5.Bg2 f5 6.d5 Nf6 7.Nc3 e5 8.dxe6 Bxe6 
9.Bf4 Bxc4 10.Bxd6 Bd5 11.Ba3 Nbd7 12.O-O Nb6 13.Qc2 Qd7 14.Nxd5 Nbxd5 15.
Rad1 O-O-O 16.Qa4 a6 17.Bc5 Rhe8 18.Qc2 Kb8 19.b4 Ne4 20.e3 Qc7 21.Rb1 
Ndc3 22.Rb3 Nxc5 23.bxc5 Qa5 24.Rc1 Qxc5 25.Bf1 Qd5 26.Nh4 Nb5 27.a4 Qd2 
28.Qb1 Rd5 29.axb5 axb5 30.Nf3 Qa5 31.Bg2 Red8 32.Nd4 R5d7 33.Bxc6 Rxd4 
34.Rxb5 1-0

[Event "zonal 2.2"]
[Site "Hamilton CAN"]
[Date "1994.08.??"]
[Round "9"]
[White "Spraggett, Grant"]
[Black "Day, Lawrence"]
[Result "1-0"]
[WhiteElo "2320"]
[BlackElo "2370"]
[EventDate "1994.08.??"]
[PlyCount "141"]

1.c4 g6 2.g3 Bg7 3.Bg2 Nf6 4.Nc3 O-O 5.e4 d6 6.Nge2 c5 7.O-O Nc6 8.d3 Bd7 
9.h3 a6 10.Be3 Rb8 11.a4 Ne8 12.d4 cxd4 13.Nxd4 Nc7 14.b3 Nxd4 15.Bxd4 
Bxd4 16.Qxd4 Ne6 17.Qe3 a5 18.Rad1 Nc5 19.e5 Bc6 20.exd6 exd6 21.Qf4 Qb6 
22.Rxd6 Qxb3 23.Nd5 Bxd5 24.Bxd5 Rbe8 25.Rf6 Ne6 26.Qe5 Nd8 27.Qg5 Kg7 28.
Rf3 Qxa4 29.Qf6+ Kg8 30.h4 Qd7 31.h5 Qe7 32.hxg6 Qxf6 33.Rxf6 hxg6 34.
Rxg6+ Kh7 35.Rb6 Ne6 36.Rxb7 Nc5 37.Rb5 Rc8 38.Rxa5 Rc7 39.Kg2 Kg6 40.Rb1 
Kf6 41.Rb6+ Ke5 42.Rh6 f5 43.Rb5 f4 44.Rh5+ Rf5 45.Rxf5+ Kxf5 46.Kf3 fxg3 
47.fxg3 Kg5 48.Rb8 Nd7 49.Rg8+ Kh6 50.Re8 Nf6 51.Re6 Kg5 52.Re5+ Kg6 53.g4
Nxd5 54.cxd5 Rc1 55.Re6+ Kg5 56.Ke4 Kxg4 57.d6 Rd1 58.Ke5 Kg5 59.Re7 Kg6 
60.Ke6 Rd2 61.d7 Re2+ 62.Kd6 Rd2+ 63.Kc7 Rc2+ 64.Kd8 Rh2 65.Re6+ Kf7 66.
Rc6 Ra2 67.Kc7 Ra7+ 68.Kd6 Ra8 69.Rc8 Ra6+ 70.Kc5 Ra5+ 71.Kb4 1-0

[Event "zonal 2.2"]
[Site "Hamilton CAN"]
[Date "1994.08.??"]
[Round "10"]
[White "Baragar, Fletcher"]
[Black "Livshits, Ron"]
[Result "1-0"]
[WhiteElo "2285"]
[BlackElo "2370"]
[EventDate "1994.08.??"]
[PlyCount "95"]

1.e4 e5 2.Bc4 Nf6 3.d3 Nc6 4.Nf3 Bc5 5.c3 d6 6.O-O O-O 7.Bb3 a6 8.Nbd2 Re8
9.h3 Be6 10.Re1 Bxb3 11.Qxb3 h6 12.Nc4 d5 13.exd5 Qxd5 14.Be3 Bf8 15.Rad1 
b5 16.Na3 Qd6 17.Qc2 Rad8 18.b4 Qd5 19.Nb1 Rd7 20.a4 Red8 21.Na3 e4 22.
dxe4 Qxd1 23.Rxd1 Rxd1+ 24.Kh2 R1d7 25.axb5 axb5 26.Nxb5 Re8 27.Nd2 Rde7 
28.Bc5 Rd7 29.Bxf8 Kxf8 30.f3 Rb8 31.Na3 Ne5 32.Nac4 Nd3 33.Nb3 Kg8 34.Nc1
Nf4 35.Ne5 Rd6 36.Ne2 Ne6 37.Nd4 c5 38.Nxe6 Rxe6 39.Nd3 cxb4 40.cxb4 Rd8 
41.Qc4 Rb8 42.e5 Ne8 43.Nc5 Re7 44.Na6 Rb6 45.f4 Ra7 46.b5 Rbb7 47.Qc8 Kf8
48.b6 1-0

[Event "zonal 2.2"]
[Site "Hamilton CAN"]
[Date "1994.08.??"]
[Round "10"]
[White "Berry, Jonathan"]
[Black "Leveille, Francois"]
[Result "0-1"]
[WhiteElo "2285"]
[BlackElo "2380"]
[EventDate "1994.08.??"]
[PlyCount "70"]

1.d4 d5 2.Nf3 c6 3.g3 Bg4 4.Nbd2 e6 5.Ne5 Bh5 6.b3 Nf6 7.Bb2 Bb4 8.a3 Bd6 
9.Bg2 O-O 10.O-O Nbd7 11.Qe1 Qb8 12.f4 a5 13.h3 Rd8 14.c4 Qa7 15.Kh1 Bg6 
16.Rd1 Bf8 17.g4 Bc2 18.Rc1 Be4 19.Nxe4 Nxe4 20.e3 Ndf6 21.Rc2 Qb6 22.Bc1 
c5 23.dxc5 Nxc5 24.b4 axb4 25.axb4 Nce4 26.c5 Qb5 27.f5 exf5 28.Rxf5 h6 
29.Bb2 Ra4 30.Bxe4 dxe4 31.Rc4 Ra2 32.Qc1 Qa4 33.Rf1 Rd2 34.Nxf7 Raxb2 35.
Nxh6+ Kh7 0-1

[Event "zonal 2.2"]
[Site "Hamilton CAN"]
[Date "1994.08.??"]
[Round "11"]
[White "Koliada, Timour"]
[Black "Berry, Jonathan"]
[Result "0-1"]
[WhiteElo "2345"]
[BlackElo "2285"]
[EventDate "1994.08.??"]
[PlyCount "140"]

1.d4 d5 2.c4 e6 3.Nc3 Nf6 4.cxd5 exd5 5.Bg5 Be7 6.e3 c6 7.Qc2 Nbd7 8.Bd3 
O-O 9.Nf3 Re8 10.O-O Nf8 11.h3 g6 12.Rab1 Ne6 13.Bh4 Ng7 14.b4 a6 15.a4 
Bf5 16.b5 axb5 17.axb5 Bxd3 18.Qxd3 Ra3 19.bxc6 bxc6 20.Ra1 Qa5 21.Rxa3 
Qxa3 22.Ne5 Qa8 23.Rb1 Nf5 24.Bg5 Kg7 25.Rb6 Nd7 26.Nxd7 Bxg5 27.Ra6 Qb7 
28.Nc5 Qb2 29.Nd1 Qb5 30.Qxb5 cxb5 31.g4 Nxd4 32.Nc3 Nf3+ 33.Kg2 Nh4+ 34.
Kh2 Rc8 35.f4 Rxc5 36.fxg5 Nf3+ 37.Kg3 Nxg5 38.Ne2 Rc2 39.Nd4 Ne4+ 40.Kf4 
Rh2 41.Ke5 Rxh3 42.Ra7 Ng5 43.Kf4 h6 44.Rd7 Kf6 45.Rxd5 Ne6+ 46.Ke4 Rg3 
47.Rxb5 Rxg4+ 48.Kd3 h5 49.Nf3 h4 50.Rb1 g5 51.Rf1 Nc5+ 52.Kc3 Ne4+ 53.Kd3
Ng3 54.Rf2 Ne4 55.Rf1 Ng3 56.Rf2 Ke6 57.Nd4+ Ke7 58.Nc6+ Kd6 59.Rf6+ Kd5 
60.Ne7+ Ke5 61.Rxf7 Ke6 62.Rh7 Ra4 63.Ng8 Ra3+ 64.Kd2 Kf5 65.Ne7+ Kg4 66.
Nd5 Ne4+ 67.Ke1 h3 68.Nb4 Rxe3+ 69.Kf1 Ng3+ 70.Kg1 Re1+ 0-1

[Event "zonal 2.2"]
[Site "Hamilton CAN"]
[Date "1994.08.??"]
[Round "11"]
[White "Livshits, Ron"]
[Black "Hamilton, Robert"]
[Result "1-0"]
[WhiteElo "2370"]
[BlackElo "2330"]
[EventDate "1994.08.??"]
[PlyCount "81"]

1.g3 e5 2.Bg2 d5 3.d3 g6 4.Nf3 Bg7 5.O-O Ne7 6.Nbd2 O-O 7.c4 d4 8.b4 c6 9.
Bb2 Re8 10.Qb3 Qc7 11.Rfe1 Nf5 12.g4 Nh6 13.h3 a5 14.e3 Rd8 15.exd4 exd4 
16.bxa5 c5 17.Re2 Rxa5 18.Rae1 Bd7 19.Bc1 Nc6 20.Ng5 Be5 21.Nde4 Kg7 22.
Nf3 Bf4 23.Bxf4 Qxf4 24.Qxb7 Qb8 25.Rb1 Qxb7 26.Rxb7 Nb4 27.Nxc5 Rxc5 28.
Rxb4 Bc6 29.Nd2 Bxg2 30.Kxg2 Ng8 31.Nb3 Rc7 32.Re4 Nf6 33.Rxd4 Rxd4 34.
Nxd4 Rd7 35.c5 Nd5 36.c6 Rd8 37.Rc4 Nf4+ 38.Kg3 Nxd3 39.c7 Rc8 40.Nb5 Ne5 
41.Nd6 1-0

[Event "zonal 2.2"]
[Site "Hamilton CAN"]
[Date "1994.08.??"]
[Round "12"]
[White "Baragar, Fletcher"]
[Black "Koliada, Timour"]
[Result "0-1"]
[WhiteElo "2285"]
[BlackElo "2345"]
[EventDate "1994.08.??"]
[PlyCount "77"]

1.d4 g6 2.c4 Bg7 3.Nc3 c5 4.d5 Bxc3+ 5.bxc3 f5 6.Nf3 Qa5 7.Qb3 Nf6 8.g3 d6
9.Bg2 Nbd7 10.O-O Nb6 11.Nd2 Bd7 12.Re1 Ba4 13.Qb2 Qa6 14.e4 fxe4 15.Nxe4 
O-O-O 16.Ng5 Rde8 17.Bf1 Nfd7 18.Bf4 Nxc4 19.Qe2 Ndb6 20.Qe6+ Bd7 21.Qf7 
h6 22.Ne6 g5 23.Be3 Qa5 24.Rad1 Ne5 25.Qh5 Nxd5 26.Rxd5 Bxe6 27.Bh3 Bxh3 
28.Rxe5 dxe5 29.Qxh3+ e6 30.Qg4 Kb8 31.Qe4 Qc7 32.Rb1 Re7 33.a4 Qd6 34.Qc4
Rc8 35.a5 Rd7 36.a6 b6 37.Qg4 Rcd8 38.Qc4 Qd3 39.Qb3 0-1

[Event "zonal 2.2"]
[Site "Hamilton CAN"]
[Date "1994.08.??"]
[Round "12"]
[White "Hamilton, Robert"]
[Black "Leveille, Francois"]
[Result "0-1"]
[WhiteElo "2330"]
[BlackElo "2380"]
[EventDate "1994.08.??"]
[PlyCount "70"]

1.e4 c6 2.d4 d5 3.Nc3 dxe4 4.Nxe4 Bf5 5.Ng3 Bg6 6.Nf3 Nd7 7.Be2 e6 8.O-O 
Ngf6 9.b3 Bd6 10.Bb2 Qc7 11.c4 O-O 12.Nh4 Rad8 13.Nxg6 hxg6 14.Qc2 e5 15.
c5 Be7 16.b4 exd4 17.Bxd4 Nd5 18.a3 Qf4 19.Rad1 Bf6 20.Qb2 Ne5 21.Rfe1 
Rfe8 22.Bf1 Nf3+ 23.gxf3 Rxe1 24.Rxe1 Bxd4 25.Qb3 Bc3 26.Re4 Qxf3 27.Bg2 
Qf6 28.Rc4 Be5 29.b5 Nf4 30.Bf1 Bd4 31.Rc2 Re8 32.Qb4 Ne2+ 33.Kg2 Qxf2+ 
34.Kh3 Ng1+ 35.Kg4 Qf3+ 0-1

[Event "zonal 2.2"]
[Site "Hamilton CAN"]
[Date "1994.08.??"]
[Round "13"]
[White "Berry, Jonathan"]
[Black "Baragar, Fletcher"]
[Result "1-0"]
[WhiteElo "2285"]
[BlackElo "2285"]
[EventDate "1994.08.??"]
[PlyCount "93"]

1.d4 Nf6 2.Nf3 g6 3.Bg5 Bg7 4.c3 b6 5.Nbd2 Ba6 6.a4 c5 7.b4 O-O 8.b5 Bb7 
9.e3 d5 10.Be2 Nbd7 11.O-O h6 12.Bh4 Re8 13.a5 bxa5 14.Bxf6 Bxf6 15.Nb3 
Qb6 16.Nxa5 Rec8 17.Qa4 c4 18.Rfb1 Rab8 19.Nd2 Ba8 20.Qc2 h5 21.f4 Qe6 22.
Kf2 Bh4+ 23.g3 Qh3 24.Nf3 Nf6 25.Bf1 Bxg3+ 26.hxg3 Ng4+ 27.Kg1 Qxg3+ 28.
Qg2 Qxg2+ 29.Bxg2 Nxe3 30.Ne5 Rb6 31.Nac6 Bxc6 32.Nxc6 Rc7 33.Nxa7 Rcb7 
34.Ra5 Rb8 35.Bh3 e6 36.Kf2 Ng4+ 37.Bxg4 hxg4 38.Kg3 f5 39.Rb4 Kg7 40.Nc6 
Rh8 41.Ra7+ Kf8 42.Ra8+ Kg7 43.Rxh8 Kxh8 44.Ne5 Kg7 45.Nd7 Rb7 46.Nc5 Rb6 
47.Na4 1-0

[Event "zonal 2.2"]
[Site "Hamilton CAN"]
[Date "1994.08.??"]
[Round "13"]
[White "Koliada, Timour"]
[Black "Hamilton, Robert"]
[Result "1-0"]
[WhiteElo "2345"]
[BlackElo "2330"]
[EventDate "1994.08.??"]
[PlyCount "65"]

1.f4 d6 2.e4 Nf6 3.Nc3 g6 4.d4 c6 5.a4 a5 6.Nf3 Bg7 7.Bd3 O-O 8.O-O Na6 9.
e5 Nd5 10.Nxd5 cxd5 11.c3 f6 12.exf6 Bxf6 13.Qc2 Kg7 14.Be3 e6 15.g4 Bd7 
16.g5 Be7 17.h4 Rc8 18.Qe2 Qe8 19.Bd2 Nc7 20.b3 Qf7 21.Rf2 Rg8 22.Rh2 Kf8 
23.Kg2 Ne8 24.h5 gxh5 25.Rah1 e5 26.dxe5 Bg4 27.e6 Qg7 28.Kf2 Bd8 29.Rxh5 
Bb6+ 30.Ke1 Bxh5 31.Rxh5 Rh8 32.f5 Rxc3 33.e7+ 1-0

[Event "zonal 2.2"]
[Site "Hamilton CAN"]
[Date "1994.08.??"]
[Round "13"]
[White "Leveille, Francois"]
[Black "Day, Lawrence"]
[Result "1/2-1/2"]
[WhiteElo "2380"]
[BlackElo "2370"]
[EventDate "1994.08.??"]
[PlyCount "96"]

1.d4 Nf6 2.c4 d6 3.Nc3 c6 4.g3 Nbd7 5.Bg2 e5 6.Nf3 Be7 7.O-O O-O 8.e4 a6 
9.Qc2 Qc7 10.Re1 Re8 11.h3 b5 12.c5 Bb7 13.cxd6 Bxd6 14.Be3 c5 15.dxe5 
Nxe5 16.Nxe5 Bxe5 17.Nd5 Nxd5 18.exd5 c4 19.Rad1 Bd6 20.Bd4 Qd7 21.a3 Bf8 
22.Bc3 Rxe1+ 23.Rxe1 a5 24.Qd2 Qd8 25.Rd1 Ra6 26.h4 Bc8 27.Qf4 Bd6 28.Be5 
a4 29.Qd4 f6 30.Bxd6 Qxd6 31.Re1 Bd7 32.Kh2 Ra8 33.Bh3 Bxh3 34.Kxh3 Rd8 
35.Kh2 Kf7 36.Rd1 Rd7 37.Qg4 Re7 38.Kg2 Re5 39.Qd4 h5 40.Qa7+ Re7 41.Qd4 
Ke8 42.Qd2 Kd7 43.Qd4 Re5 44.Rf1 Qc7 45.f4 Re8 46.d6 Qb7+ 47.Kf2 Re6 48.
Qc5 Qb8 1/2-1/2

[Event "zonal 2.2"]
[Site "Hamilton CAN"]
[Date "1994.08.??"]
[Round "14"]
[White "Day, Lawrence"]
[Black "Koliada, Timour"]
[Result "1-0"]
[WhiteElo "2370"]
[BlackElo "2345"]
[EventDate "1994.08.??"]
[PlyCount "95"]

1.e4 c5 2.Nc3 Nc6 3.g3 g6 4.Bg2 Bg7 5.d3 d6 6.Nh3 e5 7.O-O Nge7 8.f4 Nd4 
9.Be3 O-O 10.Qd2 Bg4 11.Kh1 Qd7 12.Ng1 Rac8 13.Rf2 Be6 14.Raf1 b5 15.Nd1 
Ndc6 16.Nf3 f6 17.f5 gxf5 18.Nh4 fxe4 19.dxe4 Rf7 20.Bh6 Bh8 21.Ne3 Ng6 
22.Nhf5 Rd8 23.h4 Nge7 24.Nd5 Bxd5 25.exd5 Nxf5 26.dxc6 Nxg3+ 27.Kh2 Nxf1+
28.Rxf1 Qe7 29.Bd5 Bg7 30.Bxf7+ Kxf7 31.Qd5+ Kg6 32.Rg1+ Kxh6 33.c7 Qxc7 
34.Qd2+ Kh5 35.Qe2+ Kh6 36.Qe3+ Kh5 37.Rg5+ Kh6 38.Rxe5+ Kg6 39.Re7 Qc8 
40.Qe4+ Kh6 41.Qf4+ Kg6 42.h5+ Kxh5 43.Rxg7 Rf8 44.Qf3+ Kh6 45.Rg4 Qe8 46.
Qf4+ Kh5 47.Rh4+ Kg6 48.Qg4+ 1-0

[Event "zonal 2.2"]
[Site "Hamilton CAN"]
[Date "1994.08.??"]
[Round "14"]
[White "Hamilton, Robert"]
[Black "Berry, Jonathan"]
[Result "0-1"]
[WhiteElo "2330"]
[BlackElo "2285"]
[EventDate "1994.08.??"]
[PlyCount "40"]

1.d4 d5 2.Nc3 Nf6 3.Bg5 Nbd7 4.Nf3 g6 5.Qd3 Bg7 6.e4 dxe4 7.Nxe4 c6 8.
O-O-O O-O 9.Ng3 Nb6 10.Qa3 Re8 11.Ne5 Qd6 12.Qf3 Be6 13.Bf4 Nbd5 14.Bd2 c5
15.c4 cxd4 16.cxd5 Bxd5 17.Qe2 Bxa2 18.b4 Bb3 19.Bf4 Rac8+ 20.Kb2 Qxb4 0-1

[Event "zonal 2.2"]
[Site "Hamilton CAN"]
[Date "1994.08.??"]
[Round "15"]
[White "Baragar, Fletcher"]
[Black "Hamilton, Robert"]
[Result "1-0"]
[WhiteElo "2285"]
[BlackElo "2330"]
[EventDate "1994.08.??"]
[PlyCount "21"]

1.c4 e6 2.Nc3 Nf6 3.e4 d5 4.e5 d4 5.exf6 dxc3 6.bxc3 Qxf6 7.d4 e5 8.Nf3 
exd4 9.Bg5 Qe6+ 10.Be2 dxc3 11.Qd8# 1-0

[Event "zonal 2.2"]
[Site "Hamilton CAN"]
[Date "1994.08.??"]
[Round "15"]
[White "Berry, Jonathan"]
[Black "Day, Lawrence"]
[Result "0-1"]
[WhiteElo "2285"]
[BlackElo "2370"]
[EventDate "1994.08.??"]
[PlyCount "96"]

1.d4 Nf6 2.Nf3 d6 3.b3 h6 4.Bb2 c6 5.Nbd2 Bf5 6.g3 Nbd7 7.Bg2 e6 8.O-O Qc7
9.Re1 d5 10.Ne5 Rd8 11.f3 Nxe5 12.dxe5 Nd7 13.e4 dxe4 14.fxe4 Bg6 15.Nc4 
Bc5+ 16.Kh1 O-O 17.a4 b5 18.axb5 cxb5 19.Nd6 Qb6 20.Qe2 a6 21.Red1 Nb8 22.
h4 Nc6 23.h5 Bh7 24.Rd2 Rd7 25.Rad1 Rfd8 26.Qg4 Be3 27.Re2 Bg5 28.Rf1 Nd4 
29.Ref2 f5 30.Qd1 Be3 31.exf5 Bxf2 32.fxe6 Nxe6 33.Bd5 Re7 34.Qg4 Rde8 35.
Nxe8 Rxe8 36.Rxf2 Qxf2 37.Bxe6+ Kh8 38.Bd7 Qe1+ 39.Kh2 Qd2+ 40.Kh3 Re7 41.
e6 Qxc2 42.Ba3 Bf5 43.Bxe7 Bxg4+ 44.Kxg4 Qxb3 45.Bh4 Qd5 46.Kh3 b4 47.Bc8 
Qxh5 48.e7 Qe8 0-1